Toutes les Techniques de JP Lapin/Nishizono ShinsukeD'Inazuma Eleven - Statistiques

Statistiques générales
  • Ce quiz a été pris 24 fois
  • Le résultat moyen est 6 sur 9
Statistiques - réponses
Réponse Type de quiz Première Utilisation % Correct
Arrêt Surprise GK GO CS
84%
Attaque Ressort TIR GO
84%
Liu Bei MIXIMAX GO CS
84%
Main Magique GK EG GO CS
84%
Atlas, Protecteur de la Terre Esprit Guerrier GO CS
79%
Chant des Trois Royaumes GK GO CS
74%
Tir de Défense Canon DEF GO
53%
Danse de l'Air ATT GO
42%
Parade de la Fusée GK GO GALAXY
32%
Aucun quiz correspondant
Distribution des résultats
% des personnes avec chaque résultat
Percentile par nombre de réponses
Votre historique - résultats
Vous n’avez pas pris ce quiz